| 000 | 01196cam a2200241 4500 | ||
|---|---|---|---|
| 001 | WB3906-16 | ||
| 008 | 030212n2003 000 0 eng u | ||
| 035 | _a(Sirsi) u121332 | ||
| 245 | _aNew rules on timing of rent increases | ||
| 260 | _c2003 | ||
| 490 |
_aODPM News Release _v(022) 11 February 2003 (2) |
||
| 520 | _aGovernment has changed the rules on the timing of rent increases for assured periodic tenancies in England and Wales. The Regulatory Reform (Assured Periodic Tenancies) (Rent Increases) Order 2003 will from the 11 February stop the forward drift of rent increase dates for weekly tenancies, thus allowing landlords to choose to set a fixed day for increases. http://www.gnn.gov.uk/gnn/national.nsf/Daily+News/AAD83C238EA7D78C80256CCA004E069A?opendocument | ||
| 590 | _aWB | ||
| 650 | _aRENT INCREASES | ||
| 650 | _aASSURED PERIODIC TENANCIES | ||
| 650 | _aREGULATORY REFORM (ASSURED PERIODIC TENANCIES) (RENT INCREASES) ORDER 2003 | ||
| 650 | _aASSURED TENANCIES AND AGRICULTURAL OCCUPANCIES (FORMS) (AMENDMENT) (ENGLAND) REGULATIONS 2003 | ||
| 650 | _aTIMING | ||
| 650 | _aENGLAND | ||
| 650 | _aWALES | ||
| 690 | _aPROPERTY-LANDLORD AND TENANT | ||
| 942 | _n0 | ||
| 999 |
_c72100 _d72100 |
||